Australian Cricketers to have played a Test Match in last 5 years - Statistics

General Stats
  • This quiz has been taken 103 times
    74 since last reset
  • The average score is 20 of 43
Answer Stats
Hint Answer % Correct
Bowler Pat Cummins
97%
Bowler Mitchell Starc
95%
Batter Steve Smith
95%
Bowler Nathan Lyon
89%
Batter David Warner
84%
Bowler Josh Hazlewood
84%
Wicket Keeper Alex Carey
83%
Batter Usman Khawaja
83%
Bowler Scott Boland
80%
Allrounder Carmeron Green
78%
Batter Travis Head
78%
Wicket Keeper Tim Paine
77%
Allrounder Mitchell Marsh
70%
Batter Shaun Marsh
69%
Batter Marnus Labuschagne
67%
Bowler Jhye Richardson
61%
Batter Marcus Harris
58%
Wicket Keeper Matt Wade
55%
Batter Cameron Bancroft
53%
Batter Matt Renshaw
44%
Bowler Michael Neser
44%
Batter Aaron Finch
42%
Wicket Keeper Peter Handscomb
41%
Allrounder Glenn Maxwell
39%
Bowler James Pattinson
33%
Batter Joe Burns
33%
Bowler Ashton Agar
31%
Batter Kurtis Patterson
30%
Wicket Keeper Peter Nevill
25%
Batter Will Puckovski
23%
Bowler Jon Holland
14%
Batter Nic Maddinson
14%
Bowler Steve O'Keefe
14%
Batter Adam Voges
13%
Batter Shane Watson
13%
Batter Hilton Cartwright
11%
Allrounder Beau Webster
9%
Bowler Jackson Bird
9%
Batter Sam Konstas
9%
Bowler Chad Sayers
8%
Batter Nathan McSweeney
8%
Batter Callum Ferguson
6%
Bowler Joe Mennie
3%
No matching quizzes found
Score Distribution
Percent of People with Each Score
Percentile by Number Answered
Your Score History
You have not taken this quiz since the last reset